European Federation of Management Consulting Associations (Record no. 119943)
[ view plain ]
| 000 -LEADER | |
|---|---|
| fixed length control field | 00890cam a2200205 4500 |
| 001 - CONTROL NUMBER | |
| control field | WS115370 |
| 008 - FIXED-LENGTH DATA ELEMENTS--GENERAL INFORMATION | |
| fixed length control field | 011029n 000 0 eng u |
| 035 ## - SYSTEM CONTROL NUMBER | |
| System control number | (Sirsi) u115370 |
| 110 ## - MAIN ENTRY--CORPORATE NAME | |
| Corporate name or jurisdiction name as entry element | European Federation of Management Consulting Associations |
| 9 (RLIN) | 4165 |
| 245 ## - TITLE STATEMENT | |
| Title | European Federation of Management Consulting Associations |
| 520 ## - SUMMARY, ETC. | |
| Summary, etc. | Web site for this independent professional organisation committed to represent and promote the management consultancy profession throughout Europe. Includes their code of conduct and an outline of the management consultancy profession in Europe. |
| 650 ## - SUBJECT ADDED ENTRY--TOPICAL TERM | |
| Topical term or geographic name entry element | ORGANISATION |
| 650 ## - SUBJECT ADDED ENTRY--TOPICAL TERM | |
| Topical term or geographic name entry element | EUROPE |
| 650 ## - SUBJECT ADDED ENTRY--TOPICAL TERM | |
| Topical term or geographic name entry element | INTERNATIONAL |
| 650 ## - SUBJECT ADDED ENTRY--TOPICAL TERM | |
| Topical term or geographic name entry element | Management consultancy |
| 9 (RLIN) | 6255 |
| 650 ## - SUBJECT ADDED ENTRY--TOPICAL TERM | |
| Topical term or geographic name entry element | CODE OF CONDUCT |
| 690 ## - LOCAL SUBJECT ADDED ENTRY--TOPICAL TERM (OCLC, RLIN) | |
| Topical term or geographic name as entry element | MANAGEMENT-BUSINESS MANAGEMENT |
| 856 40 - ELECTRONIC LOCATION AND ACCESS | |
| Uniform Resource Identifier | <a href="https://www.feaco.org">https://www.feaco.org</a> |
| Public note | View the website free of charge at www.feaco.org... |
| 942 ## - ADDED ENTRY ELEMENTS (KOHA) | |
| Suppress in OPAC | 0 |
| Withdrawn status | Lost status | Source of classification or shelving scheme | Damaged status | Not for loan | Home library | Current library | Shelving location | Date acquired | Total Checkouts | Full call number | Barcode | Date last seen | Copy number | Price effective from | Koha item type |
|---|---|---|---|---|---|---|---|---|---|---|---|---|---|---|---|
| Dewey Decimal Classification | Virtual | Virtual | Online | 29/10/2001 | WEB SITE | 115370-2001 | 06/08/2019 | 1 | 06/08/2019 | Online material |